| 000 | 01965cad a22002655a 4500 | ||
|---|---|---|---|
| 001 | E148244 | ||
| 008 | 090821s2007 xxk f s000 0 eng d | ||
| 020 | _a978075596865 | ||
| 022 | 1 | _a0950-2254 | |
| 035 | _a(Sirsi) u148244 | ||
| 041 | 0 | _aeng | |
| 050 | 0 | 4 | _a346.41043 $2 18 |
| 100 | 2 | _aBevan, Mark | |
| 245 | 0 | 4 |
_aResidential mobile homes in Scotland _h[electronic resource] |
| 260 |
_aEdinburgh _bScottish Government Social Research _c2007 |
||
| 505 | 2 | _aIntroduction: context; aims and objectives; methods; report structure -- The number of residential mobile homes in Scotland: introduction; the number of residential mobile homes in Scotland; the characteristics of households living in residential mobile homes in Scotland; identifying individual mobile homes; winter lets; conclusions -- Living in a mobile home: introduction; characteristics of the respondents; reasons for living in mobile homes; alternative accommodation; condition of the dwellings; future aspirations; conclusions -- Living on licensed park home sites: introduction; site layout and maintenance; relations with the park owner; written agreements under the 1983 Mobile Homes Act; pitch fees; views on the legislation; conclusions -- Conclusions | |
| 520 | _aLooks at the use of mobile homes as dwellings in Scotland and discusses policies which could be applied to the sector. Examines two main groups of mobile home users: residents who live in park homes on licensed sites, and who are covered by legislation; and those who live in individual caravans and mobile homes on unlicensed sites, or sites exempt from licensing. | ||
| 521 | _aAdvanced | ||
| 590 | _aKA | ||
| 651 | 4 |
_aScotland _y1999- |
|
| 690 | _aPROPERTY-RESIDENTIAL PROPERTY-DOMESTIC RESIDENTIAL PROPERTY-HOUSING | ||
| 690 |
_aPlanning and development _96259 |
||
| 856 | 4 | 0 |
_uhttps://www.scotland.gov.uk/Publications/2007/11/27135104/0 _zView the report free of charge at www.scotland.gov.uk... |
| 942 | _n0 | ||
| 999 |
_c109971 _d109971 |
||